000 00206 a2200109 4500
020 _a84-7546-971
041 _aspa
100 _aDisney, Walt
245 _aEl Libro de la Selva
942 _cBK
952 _74
999 _c20715
_d20715